000 00322nam a22001457a 4500
008 231025b ||||| |||| 00| 0 eng d
020 _a0805378936
041 _aeng
080 _a316
082 _a316RAM
100 _a24
101 _aSOICIOGJI
245 _aFIELD THEORY A MODERN PRIMER
_cRAMOND.P
942 _2udc
_cBK
999 _c60464
_d60464